00000000nam 2200000zi 4500
0019.947450
003CaOODSP
00520250206154217
006m     o  d f      
007cr |n|||||||||
008250128q1981    oncdb   ob   f000 0 eng d
040 |aCaOODSP|beng|erda|cCaOODSP
043 |an------
0861 |aEn57-64/81-33E-PDF
1001 |aVoldner, E. C.,|d1942- |eauthor.
24510|aDetailed model profile of AES-LRT : |bdocumentation of the Atmospheric Environment Service long-range transport of air pollutants model / |cby E.C. Voldner and M.P. Olson.
264 1|aDownsview, Ontario : |bAtmospheric Dispersion Division, Atmospheric Environment Service, |c[1981?]
300 |a1 online resource (197 pages in multiple paginations) : |bcharts, maps.
336 |atext|btxt|2rdacontent
337 |acomputer|bc|2rdamedia
338 |aonline resource|bcr|2rdacarrier
4901 |a[Report] AQRB ;|v81-33-T
500 |aDigitized edition from print [produced by Environment and Climate Change Canada].
504 |aIncludes bibliographical references (pages 72-73).
520 |a"The modeling approach in the AES program has been to develop a modular system over the next few years. The first step has been the development and implementation of a capability for three-dimensional trajectory analysis (Olson et al., 1978). The model uses objectively-analyzed wind fields and computes vertical motions at the following four pressure levels: 1000, 850, 700, and 500 mb"--Overview.
650 0|aAtmospheric deposition|zNorth America|xMathematical models.
650 0|aAcid-forming emissions|xEnvironmental aspects|zNorth America|xMathematical models.
650 0|aTransboundary pollution|zNorth America.
650 0|aSulfur compounds|xEnvironmental aspects|zNorth America|xMathematical models.
650 6|aDépôts atmosphériques|zAmérique du Nord|xModèles mathématiques.
650 6|aÉmissions acidifiantes|xAspect de l'environnement|zAmérique du Nord|xModèles mathématiques.
650 6|aPollution transfrontière|zAmérique du Nord.
650 6|aSoufre|xComposés|xAspect de l'environnement|zAmérique du Nord|xModèles mathématiques.
7101 |aCanada. |bAtmospheric Dispersion Division, |eissuing body.
7101 |aCanada. |bAtmospheric Environment Service, |eissuing body.
830#0|aReport (Canada. Air Quality and Inter-Environmental Research Branch)|v81-33-T.|w(CaOODSP)9.941851
85640|qPDF|s6606 KB|uhttps://publications.gc.ca/collections/collection_2025/eccc/en57/En57-64-81-33-eng.pdf